Comparison of the level of CO2 emissions from buildings built in 1990 and in 2008 (Record no. 109216)
[ view plain ]
| 000 -LEADER | |
|---|---|
| fixed length control field | 01417cad a22002415a 4500 |
| 001 - CONTROL NUMBER | |
| control field | E146542 |
| 008 - FIXED-LENGTH DATA ELEMENTS--GENERAL INFORMATION | |
| fixed length control field | 090202s2008 xxk f 000 0 eng d |
| 035 ## - SYSTEM CONTROL NUMBER | |
| System control number | (Sirsi) u146542 |
| 041 0# - LANGUAGE CODE | |
| Language code of text/sound track or separate title | eng |
| 050 04 - LIBRARY OF CONGRESS CALL NUMBER | |
| Classification number | 696.9 $2 18 |
| 110 2# - MAIN ENTRY--CORPORATE NAME | |
| Corporate name or jurisdiction name as entry element | Building Research Establishment |
| 245 00 - TITLE STATEMENT | |
| Title | Comparison of the level of CO2 emissions from buildings built in 1990 and in 2008 |
| Medium | [electronic resource] |
| 260 ## - PUBLICATION, DISTRIBUTION, ETC. | |
| Place of publication, distribution, etc. | Livingston |
| Name of publisher, distributor, etc. | Scottish Government |
| Date of publication, distribution, etc. | 2008 |
| 505 2# - FORMATTED CONTENTS NOTE | |
| Formatted contents note | Executive Summary -- Dwelling: method; results -- Office: method; results -- Appendix 1 SAP calculation for 1990 dwelling -- Appendix 2 SAP calculation for 2008 dwelling -- Appendix 3 SBEM calculation for 1990 office -- Appendix 4 SBEM calculation for 2008 office |
| 520 ## - SUMMARY, ETC. | |
| Summary, etc. | Compares CO2 emissions for buildings constructed in 1990 and 2008 by looking at the building standards applicable for new construction at those dates. The two types of structure discussed are a two-storey detached dwelling with a total floor area of 100m2, and a two-storey office building with a total floor area of 1 194m2. |
| 521 ## - TARGET AUDIENCE NOTE | |
| Target audience note | Advanced |
| 590 ## - LOCAL NOTE (RLIN) | |
| Local note | KA |
| 651 #4 - SUBJECT ADDED ENTRY--GEOGRAPHIC NAME | |
| Geographic name | Scotland |
| Chronological subdivision | 1999- |
| 690 ## - LOCAL SUBJECT ADDED ENTRY--TOPICAL TERM (OCLC, RLIN) | |
| Topical term or geographic name as entry element | BUILT ENVIRONMENT-BUILDING STANDARDS |
| 690 ## - LOCAL SUBJECT ADDED ENTRY--TOPICAL TERM (OCLC, RLIN) | |
| Topical term or geographic name as entry element | ENVIRONMENTAL AND LAND CONSULTANCY-ENERGY-ENERGY USE-ENERGY EFFICIENCY |
| 856 40 - ELECTRONIC LOCATION AND ACCESS | |
| Uniform Resource Identifier | <a href="https://www.scotland.gov.uk/Resource/Doc/217736/0091337.pdf">https://www.scotland.gov.uk/Resource/Doc/217736/0091337.pdf</a> |
| Public note | View the report free of charge at www.sbsa.gov.uk |
| 942 ## - ADDED ENTRY ELEMENTS (KOHA) | |
| Suppress in OPAC | 0 |
| Withdrawn status | Lost status | Source of classification or shelving scheme | Damaged status | Not for loan | Home library | Current library | Shelving location | Date acquired | Total Checkouts | Full call number | Barcode | Date last seen | Copy number | Price effective from | Koha item type |
|---|---|---|---|---|---|---|---|---|---|---|---|---|---|---|---|
| Dewey Decimal Classification | Virtual | Virtual | Online | 02/02/2009 | ONLINE PUBLICATION | 146542-2001 | 06/08/2019 | 1 | 06/08/2019 | Book |